000 00548cam a22002291 4500
001 sa 68018456
003 DLC
005 20260227112712.0
008 890706m19669999ii b 000 0 urdr
010 _asa 68018456
035 _a(OCoLC)19968563
040 _aDLC
_cWaU
_dDLC
042 _apremarc
050 0 0 _aBP135
_b.R3
100 1 _aRaḥmānī, ʻAbdurraʼūf.
245 1 0 _aṢiyānat ul-Ḥadīs̲.
260 _c1966-
300 _av.
_c18 cm.
500 _aIn Urdu.
504 _aBibliographical footnotes.
650 0 _aHadith.
999 _c88437
_d88437